000 00342nam a2200145Ia 4500
008 230312s9999||||xx |||||||||||||| ||und||
020 _a9789699739743
082 _a891.4
_bSAJ-I
100 _aمحمد ساجد خان
245 0 _aانتخابات
260 _bJamhori
_apak
_c2013
300 _a208
650 _aLiterature
942 _cBK
999 _c14985
_d14985